[Event "Woerishofen sen 2016"]
[Site "Bad Woerishofen"]
[Date "2016.02.28"]
[Round "3.33"]
[White "Taufratshofer, Martin"]
[Black "Blutharsch, Walter"]
[Result "1/2-1/2"]
[WhiteElo "2009"]
[BlackElo "1854"]
[PlyCount "137"]
[EventDate "2016.02.26"]
[EventType "swiss"]
[EventCountry "GER"]
[WhiteTeam "Oberguenzburg SK"]
[BlackTeam "Sindelfingen VfL"]
[WhiteTeamCountry "GER"]
[BlackTeamCountry "GER"]

1. e4 e5 2. Nc3 Nc6 3. f4 d6 4. Bb5 Bd7 5. Nf3 exf4 6. d4 g5 7. h4 g4 8. Ng5
Bg7 9. Bxc6 bxc6 10. Bxf4 f6 11. Nh3 gxh3 12. Qh5+ Kf8 13. gxh3 Qe8 14. Qf3 h5
15. O-O-O Bh6 16. Bg5 Qg6 17. Rhg1 Ke7 18. Bxh6 Qxh6+ 19. Kb1 Rf8 20. Rg3 Kd8
21. Rdg1 Ne7 22. Qg2 Rhg8 23. Qf1 Rxg3 24. Rxg3 Rg8 25. Rf3 Rg6 26. b3 Qg7 27.
Kb2 Ng8 28. Qa6 Rg3 29. Rxg3 Qxg3 30. Qxa7 Qxh3 31. Qa8+ Bc8 32. Qxc6 Ne7 33.
Qc4 Qxh4 34. Nb5 c6 35. Nxd6 Qg4 36. Qf7 Qg6 37. Qf8+ Kd7 38. e5 fxe5 39. dxe5
h4 40. Qh8 h3 41. Qxh3+ Qe6 42. Qh8 Kc7 43. a4 Ng6 44. Qg7+ Bd7 45. Nc4 c5 46.
a5 Ne7 47. Qf8 Bb5 48. Qf4 Bxc4 49. bxc4 Nc6 50. Ka2 Nxa5 51. Qf6 Qxc4+ 52. Kb1
Qb4+ 53. Kc1 Nc4 54. Qf7+ Kc6 55. Qf3+ Kb6 56. Qe4 Qd2+ 57. Kb1 Qc3 58. Kc1 Nd2
59. Qg6+ Ka5 60. Qd3 Nb3+ 61. Kd1 Qxd3+ 62. cxd3 Nd4 63. Kc1 Kb4 64. Kb2 Ne6
65. Kc2 Nc7 66. Kb2 Nd5 67. e6 Kb5 68. Kb3 Kc6 69. d4 1/2-1/2

[Event "Woerishofen sen 2016"]
[Site "Bad Woerishofen"]
[Date "2016.02.28"]
[Round "3.34"]
[White "Juenger, Leonhard"]
[Black "Gauer, Jacques"]
[Result "0-1"]
[WhiteElo "1807"]
[BlackElo "1940"]
[PlyCount "50"]
[EventDate "2016.02.26"]
[EventType "swiss"]
[EventCountry "GER"]
[WhiteTeam "Aachener SV"]
[BlackTeam "FRA"]
[WhiteTeamCountry "GER"]
[BlackTeamCountry "FRA"]

1. e4 c5 2. Nc3 e6 3. Nf3 Nc6 4. d4 cxd4 5. Nxd4 Nf6 6. Be2 Bb4 7. O-O Bxc3 8.
bxc3 Nxe4 9. Qd3 d5 10. Ba3 Qa5 11. Nb5 a6 12. Nd6+ Nxd6 13. Bxd6 Qd8 14. Ba3
Ne7 15. Rfd1 O-O 16. c4 Re8 17. cxd5 exd5 18. c4 Be6 19. cxd5 Nxd5 20. Bf3 Qf6
21. Rab1 Rad8 22. Bb2 Qg5 23. Qd4 Nf4 24. Qa4 Bg4 25. Bxg4 Qxg4 0-1

[Event "Woerishofen sen 2016"]
[Site "Bad Woerishofen"]
[Date "2016.02.28"]
[Round "3.35"]
[White "Aust, Werner"]
[Black "Aigner, Georg"]
[Result "0-1"]
[WhiteElo "1786"]
[BlackElo "1932"]
[PlyCount "102"]
[EventDate "2016.02.26"]
[EventType "swiss"]
[EventCountry "GER"]
[WhiteTeam "Eichlinghofen SV"]
[BlackTeam "Taufkirchen SC"]
[WhiteTeamCountry "GER"]
[BlackTeamCountry "GER"]

1. d4 Nf6 2. Nf3 g6 3. c4 Bg7 4. Nc3 d6 5. e3 O-O 6. Be2 c5 7. O-O Nc6 8. a3 e5
9. d5 Ne7 10. Nd2 Nf5 11. Nde4 Nxe4 12. Nxe4 Nh6 13. f4 f5 14. Ng3 exf4 15.
Rxf4 Be5 16. Rf1 Qh4 17. Qe1 Nf7 18. Rb1 Ng5 19. Bd3 Bd7 20. Bd2 Ne4 21. Bxe4
fxe4 22. Bc3 Rxf1+ 23. Nxf1 Qf6 24. Bxe5 Qxe5 25. Ng3 Rf8 26. b4 cxb4 27. axb4
a6 28. Qc1 h5 29. Qc2 h4 30. Ne2 h3 31. Nf4 Qg5 32. Rf1 hxg2 33. Qxg2 Qxg2+ 34.
Kxg2 g5 35. Ne6 Rxf1 36. Kxf1 Bxe6 37. dxe6 Kg7 38. Kg2 Kf6 39. e7 Kxe7 40. Kg3
b6 41. Kf2 Kf6 42. h3 Ke5 43. Ke2 a5 44. bxa5 bxa5 45. Kd2 Ke6 46. Kc3 Kd7 47.
Kd4 a4 48. Kc3 Kc6 49. Kb4 d5 50. cxd5+ Kxd5 51. Kxa4 Kc4 0-1

[Event "Woerishofen sen 2016"]
[Site "Bad Woerishofen"]
[Date "2016.02.28"]
[Round "3.36"]
[White "Skibbe, Hannes"]
[Black "Abel, Hans Peter"]
[Result "0-1"]
[WhiteElo "1766"]
[BlackElo "1928"]
[PlyCount "106"]
[EventDate "2016.02.26"]
[EventType "swiss"]
[EventCountry "GER"]
[WhiteTeam "Hessenstein TSV"]
[BlackTeam "Leinfelden SC"]
[WhiteTeamCountry "GER"]
[BlackTeamCountry "GER"]

1. e4 d6 2. Nf3 c5 3. c3 Nf6 4. d3 g6 5. g3 Bg7 6. Bg2 O-O 7. O-O Nc6 8. Re1
Qc7 9. Nbd2 b6 10. Nf1 Bb7 11. Bg5 h6 12. Bxf6 Bxf6 13. Rc1 Rac8 14. Ne3 e6 15.
Qd2 Bg7 16. h3 Qe7 17. Rcd1 Kh7 18. Kh2 Rfe8 19. Nc2 a6 20. Ne3 b5 21. Nc2 Qc7
22. Rc1 Qd8 23. Rcd1 Qc7 24. Rc1 Rcd8 25. d4 Qb6 26. d5 exd5 27. exd5 Ne7 28.
Ne3 Qc7 29. Ng1 Ng8 30. Rcd1 Nf6 31. Qc2 Re7 32. Re2 Rde8 33. Rdd2 Qd7 34. a3
Qd8 35. b3 Qa5 36. c4 Qxa3 37. Qd3 Qa5 38. Ra2 Qb6 39. Nf1 bxc4 40. bxc4 Rxe2
41. Rxe2 Qd8 42. Rxe8 Qxe8 43. Qb3 Bc8 44. Ne3 Nd7 45. Nf3 Ne5 46. Qa3 Qd7 47.
Nxe5 Bxe5 48. Ng4 Bd4 49. Qc1 Bg7 50. Qf4 Qe7 51. Ne3 h5 52. Qf3 Be5 53. h4
Qxh4+ 0-1

[Event "Woerishofen sen 2016"]
[Site "Bad Woerishofen"]
[Date "2016.02.28"]
[Round "3.37"]
[White "Winter, Bernd"]
[Black "Schnell, Franz"]
[Result "1/2-1/2"]
[WhiteElo "1922"]
[BlackElo "1762"]
[PlyCount "152"]
[EventDate "2016.02.26"]
[EventType "swiss"]
[EventCountry "GER"]
[WhiteTeam "Muenchen SK Siemens"]
[BlackTeam "Trossingen SV"]
[WhiteTeamCountry "GER"]
[BlackTeamCountry "GER"]

1. e4 e5 2. Nf3 d6 3. d4 exd4 4. Nxd4 Nf6 5. Nc3 Be7 6. Be2 O-O 7. O-O Re8 8.
Be3 Bf8 9. Bf3 c5 10. Nb3 Nc6 11. Bg5 h6 12. Bxf6 Qxf6 13. Nd5 Qd8 14. c4 a5
15. a4 Nb4 16. Qd2 Nxd5 17. exd5 Qb6 18. Nc1 Bd7 19. Ne2 Qb3 20. Rfc1 Be7 21.
Ra3 Qb6 22. Qc2 Bg5 23. Rd1 Qb4 24. Ra2 Bf6 25. b3 Re7 26. g3 Rae8 27. Kg2 g6
28. g4 Bg7 29. Nf4 Re1 30. Nd3 Qc3 31. Nxe1 Rxe1 32. Rxe1 Qxe1 33. Qe2 Qxe2 34.
Rxe2 Kf8 35. h3 g5 36. Re4 Be5 37. Bd1 Kg7 38. f3 Kf8 39. Re1 Bc3 40. Rh1 Bf6
41. Kf2 Kg7 42. Ke3 Be5 43. Ke4 Kg6 44. Bc2 f6 45. Bd3 Bf4 46. Bc2 Bg3 47. Ke3+
Kg7 48. Be4 Kf7 49. Ke2 b6 50. Kf1 Kg7 51. Kg2 Bf4 52. h4 Be5 53. hxg5 fxg5 54.
Kh3 Be8 55. Bf5 Bg6 56. Bxg6 Kxg6 57. Kg2 Bf4 58. Re1 Be5 59. Kf2 Kf6 60. Ke2
Bc3 61. Rh1 Kg6 62. Kd3 Be5 63. Ke4 Bf4 64. Re1 Kf6 65. Kd3 Be5 66. Re2 Kg6 67.
Rxe5 dxe5 68. d6 Kf6 69. d7 Ke7 70. d8=Q+ Kxd8 71. Ke4 Ke8 72. Kxe5 Ke7 73. f4
gxf4 74. Kxf4 Kf6 75. Ke4 Ke6 76. Kf4 Kf6 1/2-1/2

[Event "Woerishofen sen 2016"]
[Site "Bad Woerishofen"]
[Date "2016.02.28"]
[Round "3.38"]
[White "Young, Mel J"]
[Black "Eigenmann, Christina"]
[Result "1-0"]
[WhiteElo "1912"]
[BlackElo "1759"]
[PlyCount "29"]
[EventDate "2016.02.26"]
[EventType "swiss"]
[EventCountry "GER"]
[WhiteTeam "ENG"]
[BlackTeam "SUI"]
[WhiteTeamCountry "ENG"]
[BlackTeamCountry "SUI"]

1. e4 c6 2. d4 d5 3. f3 e6 4. Be3 b6 5. Bd3 Ba6 6. Ne2 Bxd3 7. Qxd3 Nd7 8. Nbc3
c5 9. exd5 cxd4 10. dxe6 dxe3 11. exd7+ Qxd7 12. Qxe3+ Qe7 13. Qxe7+ Nxe7 14.
O-O-O Nf5 15. Nb5 1-0

[Event "Woerishofen sen 2016"]
[Site "Bad Woerishofen"]
[Date "2016.02.28"]
[Round "3.39"]
[White "Gailis, Gunnar"]
[Black "Fitzke, Ulrich"]
[Result "0-1"]
[WhiteElo "1753"]
[BlackElo "1909"]
[PlyCount "96"]
[EventDate "2016.02.26"]
[EventType "swiss"]
[EventCountry "GER"]
[WhiteTeam "Hilden SV"]
[BlackTeam "Berlin SV Bau Union"]
[WhiteTeamCountry "GER"]
[BlackTeamCountry "GER"]

1. d4 d5 2. Nf3 e6 3. e3 Nf6 4. c4 b6 5. Bd3 Bb7 6. Nc3 Bd6 7. O-O O-O 8. cxd5
Nxd5 9. Nxd5 Bxd5 10. Qc2 h6 11. Be4 Bxe4 12. Qxe4 Na6 13. Bd2 c5 14. Bc3 Rc8
15. a3 cxd4 16. exd4 Nc7 17. Rfc1 Nd5 18. Bd2 Qf6 19. Ne5 Bxe5 20. dxe5 Qe7 21.
Qa4 Qb7 22. h3 a6 23. Qg4 Kh8 24. Qh5 Kh7 25. Qg4 Rxc1+ 26. Rxc1 Rc8 27. Qd1 b5
28. Rxc8 Qxc8 29. Qc1 Qxc1+ 30. Bxc1 Kg6 31. g4 f6 32. exf6 Kxf6 33. Kg2 Ke5
34. Kf3 Kd4 35. Ke2 Kc4 36. h4 e5 37. f3 Kd4 38. Bd2 e4 39. fxe4 Kxe4 40. g5 h5
41. b3 g6 42. Bc1 Nf4+ 43. Kf1 Kf3 44. Bd2 Nd3 45. Ba5 Nc5 46. b4 Ne6 47. Bb6
Ng7 48. Kg1 Nf5 0-1

[Event "Woerishofen sen 2016"]
[Site "Bad Woerishofen"]
[Date "2016.02.28"]
[Round "3.40"]
[White "Hager, Eberhard"]
[Black "Bauder, Herbert"]
[Result "1/2-1/2"]
[WhiteElo "1745"]
[BlackElo "1897"]
[PlyCount "54"]
[EventDate "2016.02.26"]
[EventType "swiss"]
[EventCountry "GER"]
[WhiteTeam "Friedberg SC"]
[BlackTeam "Steglitz Wilmersdorf SG Lasker"]
[WhiteTeamCountry "GER"]
[BlackTeamCountry "GER"]

1. e4 c5 2. Nf3 Nc6 3. Bb5 Qc7 4. O-O a6 5. Bxc6 Qxc6 6. Re1 d6 7. h3 e5 8. c3
Nf6 9. d4 Qc7 10. dxe5 dxe5 11. Nbd2 b5 12. Nf1 Be7 13. Ng3 O-O 14. Qc2 h6 15.
b3 c4 16. a4 cxb3 17. Qxb3 Be6 18. Qb2 Rab8 19. axb5 Rxb5 20. Qe2 Bc4 21. Qc2
Bb3 22. Qe2 Bc4 23. Qc2 Ra8 24. Nd2 Be6 25. Ba3 Bxa3 26. Rxa3 Qb6 27. Rb1 Rb8
1/2-1/2

[Event "Woerishofen sen 2016"]
[Site "Bad Woerishofen"]
[Date "2016.02.28"]
[Round "3.41"]
[White "Titz, Waldemar"]
[Black "Braeu, Ludwig"]
[Result "0-1"]
[WhiteElo "1725"]
[BlackElo "1894"]
[PlyCount "92"]
[EventDate "2016.02.26"]
[EventType "swiss"]
[EventCountry "GER"]
[WhiteTeam "Rottweil SV"]
[BlackTeam "Marktoberdorf SK"]
[WhiteTeamCountry "GER"]
[BlackTeamCountry "GER"]

1. e4 c5 2. Nf3 Nc6 3. c4 g6 4. Nc3 Bg7 5. Be2 d6 6. O-O Bg4 7. h3 Bxf3 8. Bxf3
Nd4 9. d3 e6 10. Be3 Ne7 11. Re1 O-O 12. Rc1 Rb8 13. Bxd4 Bxd4 14. Qc2 a6 15.
Ne2 Bg7 16. Red1 Nc6 17. a3 Qa5 18. Rb1 Rfc8 19. g3 b5 20. Bg2 Rb6 21. Qd2 Qa4
22. Rdc1 Rcb8 23. Nc3 Qa5 24. cxb5 axb5 25. b4 Qxa3 26. bxc5 dxc5 27. Ra1 Qb4
28. Rab1 Qd4 29. Ne2 Qd6 30. Qe3 Bd4 31. Qf3 Ne5 32. Qf4 Nxd3 33. Qxd6 Bxf2+
34. Kf1 Rxd6 35. Rc3 Be3 36. Nf4 Bxf4 37. gxf4 c4 38. Rxc4 Nxf4 39. e5 Nxg2 40.
Rcb4 Ne3+ 41. Ke2 Rd5 42. Kxe3 Rxe5+ 43. Kf4 Rd5 44. Ke4 g5 45. Rg1 f5+ 46. Ke3
h6 0-1

[Event "Woerishofen sen 2016"]
[Site "Bad Woerishofen"]
[Date "2016.02.28"]
[Round "3.42"]
[White "Kurpiela, Franz"]
[Black "Zerweck, Christoph"]
[Result "0-1"]
[WhiteElo "1722"]
[BlackElo "1890"]
[PlyCount "82"]
[EventDate "2016.02.26"]
[EventType "swiss"]
[EventCountry "GER"]
[WhiteTeam "Oehringen TSG"]
[BlackTeam "Herrenberg SV"]
[WhiteTeamCountry "GER"]
[BlackTeamCountry "GER"]

1. e4 d5 2. exd5 Nf6 3. Nc3 Nxd5 4. Ne4 Bf5 5. Qf3 e6 6. a3 Nd7 7. d4 c6 8. Bd3
Be7 9. Ne2 Bg6 10. Bf4 Nxf4 11. Qxf4 Nf6 12. Nxf6+ Bxf6 13. Bxg6 hxg6 14. Qe3
Qd6 15. O-O-O Rxh2 16. Rxh2 Qxh2 17. g3 Qh6 18. f4 Qh5 19. Nc3 O-O-O 20. Ne4
Be7 21. Nf2 Qd5 22. Qe5 Qxe5 23. dxe5 Rxd1+ 24. Kxd1 Kd7 25. Kd2 f6 26. Nd3 f5
27. b4 b6 28. a4 g5 29. Ke2 gxf4 30. Nxf4 Bxb4 31. Nh5 Bf8 32. Kf3 a6 33. Ke3
b5 34. Kd3 bxa4 35. Kc4 a3 36. Kb3 a5 37. c3 a4+ 38. Ka2 g5 39. Nf6+ Kd8 40.
Nh7 Be7 41. c4 f4 0-1

[Event "Woerishofen sen 2016"]
[Site "Bad Woerishofen"]
[Date "2016.02.28"]
[Round "3.43"]
[White "Klimpel, Siegfried"]
[Black "Albrecht, Franz"]
[Result "1-0"]
[WhiteElo "1855"]
[BlackElo "1600"]
[PlyCount "83"]
[EventDate "2016.02.26"]
[EventType "swiss"]
[EventCountry "GER"]
[WhiteTeam "Kareth Lappersdorf TSV"]
[BlackTeam "Starnberg SC"]
[WhiteTeamCountry "GER"]
[BlackTeamCountry "GER"]

1. e4 e6 2. d4 d5 3. Nc3 Nf6 4. Bg5 Be7 5. e5 Nfd7 6. h4 h6 7. Bxe7 Qxe7 8. Nf3
c5 9. Nb5 O-O 10. Nc7 Nb6 11. Nxa8 Nxa8 12. c3 cxd4 13. cxd4 Nc6 14. a3 Nb6 15.
Rc1 Bd7 16. Be2 f6 17. O-O fxe5 18. dxe5 Be8 19. Re1 Bh5 20. Rc3 Bxf3 21. Rxf3
Nxe5 22. Rxf8+ Qxf8 23. Bg4 Qf6 24. Bh3 Nbd7 25. Qc2 Nf8 26. Qc3 d4 27. Qb3 b6
28. Qg3 Neg6 29. h5 Nf4 30. Bg4 d3 31. Re4 e5 32. Qe3 Qh4 33. Bd1 Qf6 34. Rxe5
Ne2+ 35. Bxe2 dxe2 36. Qxe2 Qc6 37. Qd2 Qf6 38. Qd5+ Kh7 39. Qe4+ Kg8 40. Re8
a5 41. Qg6 Qxb2 42. Qe6+ 1-0

[Event "Woerishofen sen 2016"]
[Site "Bad Woerishofen"]
[Date "2016.02.28"]
[Round "3.44"]
[White "Aufmwasser, Guenter"]
[Black "Huhn, Ulrich"]
[Result "1/2-1/2"]
[WhiteElo "1701"]
[BlackElo "1873"]
[PlyCount "81"]
[EventDate "2016.02.26"]
[EventType "swiss"]
[EventCountry "GER"]
[WhiteTeam "Hilden SV"]
[BlackTeam "Siemensstadt SF"]
[WhiteTeamCountry "GER"]
[BlackTeamCountry "GER"]

1. f4 d5 2. Nf3 Nf6 3. e3 Bf5 4. b3 e6 5. Bb2 Be7 6. Bb5+ c6 7. Be2 h6 8. O-O
O-O 9. Ne5 Nbd7 10. Bd3 Bxd3 11. Nxd3 Ne4 12. Nc3 f5 13. Ne5 Bf6 14. Nxe4 dxe4
15. Rb1 Qc7 16. Nxd7 Qxd7 17. Bxf6 Rxf6 18. d4 exd3 19. Qxd3 Qxd3 20. cxd3 Rd8
21. d4 Rf7 22. Rf2 Rd5 23. Rbb2 Rfd7 24. g3 Kf7 25. Kg2 Rb5 26. h4 Kf6 27. Kf3
a5 28. h5 g5 29. hxg6 Kxg6 30. Rbc2 h5 31. Rh2 Rb4 32. Rc4 Rd5 33. Rxb4 axb4
34. Rc2 Ra5 35. Ke2 h4 36. gxh4 Kh5 37. Kd3 Kxh4 38. Kc4 Rb5 39. Rg2 Kh5 40.
Rg5+ Kh6 41. Rg2 1/2-1/2

[Event "Woerishofen sen 2016"]
[Site "Bad Woerishofen"]
[Date "2016.02.28"]
[Round "3.46"]
[White "Samarian, Cornel"]
[Black "Rueggeberg, Wilhelm"]
[Result "0-1"]
[WhiteElo "1693"]
[BlackElo "1843"]
[PlyCount "66"]
[EventDate "2016.02.26"]
[EventType "swiss"]
[EventCountry "GER"]
[WhiteTeam "Lohkirchen SC"]
[BlackTeam "Saarburg Trier SF"]
[WhiteTeamCountry "GER"]
[BlackTeamCountry "GER"]

1. d4 Nf6 2. c4 e6 3. Nc3 d5 4. cxd5 exd5 5. f3 c5 6. e3 Be6 7. Bb5+ Nbd7 8.
Nge2 a6 9. Bxd7+ Qxd7 10. dxc5 Bxc5 11. Nd4 O-O 12. O-O Rad8 13. Nce2 Ne8 14.
b3 Nd6 15. Kf2 Nf5 16. Qd3 Ne7 17. Bd2 Nc6 18. a3 Ne5 19. Qb1 Rc8 20. Nxe6 fxe6
21. Nd4 Rf6 22. Ke2 Bxd4 23. exd4 Qb5+ 24. Kf2 Nc6 25. a4 Qb6 26. Be3 Nb4 27.
Rc1 Rxc1 28. Bxc1 Qxd4+ 29. Be3 Qc3 30. Bc1 Nc2 31. Bb2 Qd2+ 32. Kg1 Rg6 33. g3
Ne3 0-1

[Event "Woerishofen sen 2016"]
[Site "Bad Woerishofen"]
[Date "2016.02.28"]
[Round "3.47"]
[White "Dallmeier, Gerhard"]
[Black "Straesser, Gerda"]
[Result "1/2-1/2"]
[WhiteElo "1841"]
[BlackElo "1696"]
[PlyCount "65"]
[EventDate "2016.02.26"]
[EventType "swiss"]
[EventCountry "GER"]
[WhiteTeam "Weissenfels Roland"]
[BlackTeam "Rottweil SV"]
[WhiteTeamCountry "GER"]
[BlackTeamCountry "GER"]

1. e4 e6 2. d4 d5 3. e5 c5 4. c3 Nc6 5. Nf3 Bd7 6. Be2 cxd4 7. cxd4 Bb4+ 8. Kf1
a6 9. g3 Nge7 10. a3 Ba5 11. Kg2 O-O 12. Rf1 b5 13. Bd3 g6 14. Bg5 Qc8 15. Bh6
Re8 16. Nbd2 Bd8 17. Nb3 Nf5 18. Bxf5 exf5 19. Rc1 Ra7 20. Nc5 Rc7 21. b4 a5
22. Qd2 axb4 23. axb4 Be7 24. Bg5 Bxg5 25. Qxg5 Kg7 26. Qf6+ Kg8 27. Qg5 Kg7
28. h4 Qb8 29. Qf4 h6 30. Ra1 Nxb4 31. Rab1 Nc6 32. Rb2 b4 33. Rfb1 1/2-1/2

[Event "Woerishofen sen 2016"]
[Site "Bad Woerishofen"]
[Date "2016.02.28"]
[Round "3.48"]
[White "Kumeth, Hartmut"]
[Black "Wraga, Teresa"]
[Result "1/2-1/2"]
[WhiteElo "1833"]
[BlackElo "1687"]
[PlyCount "34"]
[EventDate "2016.02.26"]
[EventType "swiss"]
[EventCountry "GER"]
[WhiteTeam "Oldenburg SK"]
[BlackTeam "Osnabrueck SG"]
[WhiteTeamCountry "GER"]
[BlackTeamCountry "GER"]

1. a3 g6 2. d4 Bg7 3. e4 d6 4. c3 Nf6 5. Bd3 O-O 6. Ne2 Nbd7 7. Bg5 c6 8. Nd2
h6 9. Bh4 g5 10. Bg3 Nh5 11. Qc2 Nxg3 12. Nxg3 Nf6 13. h4 gxh4 14. Rxh4 e5 15.
Nf3 exd4 16. cxd4 Qa5+ 17. Qc3 Qxc3+ 1/2-1/2

[Event "Woerishofen sen 2016"]
[Site "Bad Woerishofen"]
[Date "2016.02.28"]
[Round "3.49"]
[White "Mahrla, Hans"]
[Black "Wraga, Hermann"]
[Result "1-0"]
[WhiteElo "1820"]
[BlackElo "1667"]
[PlyCount "69"]
[EventDate "2016.02.26"]
[EventType "swiss"]
[EventCountry "GER"]
[WhiteTeam "Eichenau SC"]
[BlackTeam "Osnabrueck SG"]
[WhiteTeamCountry "GER"]
[BlackTeamCountry "GER"]

1. e4 d6 2. f4 g6 3. Nf3 Bg7 4. c3 c5 5. d3 e6 6. Be2 Ne7 7. O-O O-O 8. Be3
Nbc6 9. Nbd2 a6 10. Qc2 b6 11. a3 Bb7 12. Rab1 a5 13. Rfd1 Qc7 14. Rdc1 Rfc8
15. d4 Qd8 16. Qb3 a4 17. Qd1 Ba6 18. Bxa6 Rxa6 19. Qe2 Raa8 20. Rd1 Qc7 21.
Qf2 Nd8 22. Qh4 f6 23. g4 Nf7 24. Qg3 Qd8 25. h4 Nh8 26. h5 gxh5 27. gxh5 Kf7
28. Kh1 h6 29. Rg1 Qf8 30. Rg2 f5 31. Rbg1 Bf6 32. e5 Nd5 33. Bf2 Be7 34. Nh4
Qg8 35. Qf3 1-0

[Event "Woerishofen sen 2016"]
[Site "Bad Woerishofen"]
[Date "2016.02.28"]
[Round "3.50"]
[White "Thielemann, Joachim"]
[Black "Schlemminger, Degenhard"]
[Result "1-0"]
[WhiteElo "1811"]
[BlackElo "1678"]
[PlyCount "167"]
[EventDate "2016.02.26"]
[EventType "swiss"]
[EventCountry "GER"]
[WhiteTeam "Eutin SV"]
[BlackTeam "Reutlingen SV"]
[WhiteTeamCountry "GER"]
[BlackTeamCountry "GER"]

1. e4 e6 2. d4 d5 3. Nd2 dxe4 4. Nxe4 Be7 5. Be3 b6 6. c3 Bb7 7. f3 Nd7 8. Qc2
Ngf6 9. Bd3 Nd5 10. Bd2 h6 11. Ne2 N7f6 12. N2g3 Nxe4 13. fxe4 Nf6 14. O-O h5
15. e5 Ng4 16. h3 h4 17. Ne4 Nh6 18. Qa4+ c6 19. Rae1 Nf5 20. Rxf5 exf5 21.
Nd6+ Kf8 22. Nxb7 Qc7 23. Nd6 g6 24. Qb3 Bxd6 25. exd6 Qxd6 26. Re5 Re8 27. Bf4
Qd7 28. Qc2 Rxe5 29. Bxe5 Rh7 30. Qf2 Qe6 31. b3 f6 32. Bc4 Qe7 33. Bf4 b5 34.
Bd3 Qe6 35. Qe3 Qd7 36. Qf2 Qe6 37. Bd2 a6 38. c4 Qd6 39. Bf4 Qe6 40. Qe2 Qxe2
41. Bxe2 Rd7 42. Be3 g5 43. Kf1 f4 44. Bf2 Ke7 45. Bg4 Rc7 46. c5 a5 47. a3 Ra7
48. Ke2 a4 49. b4 Kd8 50. Bf3 Rc7 51. Kd3 Ke7 52. Bg4 Rb7 53. Bf5 Rb8 54. Ke4
Rd8 55. Bg4 Rd5 56. Bf5 Rd8 57. Kf3 Rb8 58. Ke4 Rd8 59. Kd3 Rb8 60. Kc3 Rd8 61.
Bb1 Rb8 62. d5 cxd5 63. Kd4 Ke6 64. Bd3 f5 65. Be2 Rb7 66. Bf3 Rd7 67. c6 Rd8
68. Kc5 Ke7 69. c7 Ra8 70. Bxd5 Rf8 71. Kc6 Rc8 72. Kb7 Rxc7+ 73. Kxc7 Kf6 74.
Kd6 Kg6 75. Ke6 Kh5 76. Kf6 g4 77. Bf7+ Kh6 78. Bxh4 gxh3 79. Bg5+ Kh7 80. gxh3
f3 81. Bg6+ Kg8 82. Be3 f4 83. Bf2 Kh8 84. Bd3 1-0

[Event "Woerishofen sen 2016"]
[Site "Bad Woerishofen"]
[Date "2016.02.28"]
[Round "3.51"]
[White "Flockerzi, Armin"]
[Black "Bartlitz, Heinz"]
[Result "1-0"]
[WhiteElo "1806"]
[BlackElo "1659"]
[PlyCount "97"]
[EventDate "2016.02.26"]
[EventType "swiss"]
[EventCountry "GER"]
[WhiteTeam "Koblenz VfR SC"]
[BlackTeam "Bramfelder SK"]
[WhiteTeamCountry "GER"]
[BlackTeamCountry "GER"]

1. d4 Nf6 2. Nf3 d6 3. g3 g6 4. Bg2 Bg7 5. b3 c6 6. Bb2 d5 7. Nbd2 e6 8. O-O
O-O 9. Re1 Nbd7 10. c3 b6 11. e4 dxe4 12. Nxe4 Nxe4 13. Rxe4 Nf6 14. Re1 Bb7
15. Ne5 Rc8 16. c4 Nd7 17. Rc1 Nxe5 18. dxe5 Qc7 19. Qf3 Rfd8 20. c5 Rd7 21.
Qe3 b5 22. b4 Rcd8 23. Qe4 Rd2 24. Qb1 Qe7 25. Rc2 R8d7 26. Rxd2 Rxd2 27. Bc3
Rd7 28. Rd1 Qd8 29. Rxd7 Qxd7 30. Qc2 Qd8 31. a3 a6 32. f4 Bf8 33. Be4 Bg7 34.
a4 f5 35. exf6 Bxf6 36. axb5 axb5 37. Bxf6 Qxf6 38. Qd2 Qe7 39. Kf2 Kf8 40. Qd4
Kf7 41. Qh8 Qf6 42. Qxh7+ Qg7 43. Qxg7+ Kxg7 44. h4 Kf6 45. Ke3 Ba8 46. g4 Bb7
47. Kd4 Ba8 48. g5+ Kf7 49. Ke5 1-0

[Event "Woerishofen sen 2016"]
[Site "Bad Woerishofen"]
[Date "2016.02.28"]
[Round "3.52"]
[White "Westermayer, Johann"]
[Black "Rothenhagen, Siegfried"]
[Result "1/2-1/2"]
[WhiteElo "1599"]
[BlackElo "1806"]
[PlyCount "78"]
[EventDate "2016.02.26"]
[EventType "swiss"]
[EventCountry "GER"]
[WhiteTeam "AUT"]
[BlackTeam "Windach SF"]
[WhiteTeamCountry "AUT"]
[BlackTeamCountry "GER"]

1. d4 Nf6 2. Nf3 d5 3. c4 e6 4. e3 c6 5. b3 Bd6 6. Bb2 Nbd7 7. Nbd2 O-O 8. Bd3
Re8 9. O-O a6 10. Re1 b5 11. e4 dxe4 12. Nxe4 Nxe4 13. Bxe4 Bb7 14. Rc1 Nf6 15.
Bb1 Rc8 16. Qd3 g6 17. h4 Bf4 18. Rc2 e5 19. Qd1 exd4 20. Rxe8+ Nxe8 21. Qxd4
Qxd4 22. Bxd4 c5 23. Be5 Bxe5 24. Nxe5 Be4 25. Rc1 Bxb1 26. Rxb1 f6 27. Ng4 Rb8
28. Ne3 Nd6 29. Rd1 Rd8 30. Kf1 Kf7 31. Rd5 Nb7 32. Rxd8 Nxd8 33. Nd5 Ne6 34.
Ke1 g5 35. hxg5 fxg5 36. Kd2 h5 37. Ke3 bxc4 38. bxc4 Nd8 39. Ke4 Nc6 1/2-1/2

[Event "Woerishofen sen 2016"]
[Site "Bad Woerishofen"]
[Date "2016.02.28"]
[Round "3.53"]
[White "Michalowski, Richard"]
[Black "Schweitzer, Paul"]
[Result "1/2-1/2"]
[WhiteElo "1803"]
[BlackElo "1652"]
[PlyCount "92"]
[EventDate "2016.02.26"]
[EventType "swiss"]
[EventCountry "GER"]
[WhiteTeam "Konz Karthaus SF"]
[BlackTeam "Zehlendorf SK"]
[WhiteTeamCountry "GER"]
[BlackTeamCountry "GER"]

1. c4 Nc6 2. Nc3 e6 3. e4 Nf6 4. g3 a6 5. Bg2 Bc5 6. Nge2 d6 7. d4 Bb4 8. d5
Bxc3+ 9. Nxc3 Ne5 10. Qe2 c6 11. O-O exd5 12. exd5 O-O 13. h3 Bf5 14. Rd1 c5
15. g4 Bd7 16. g5 Ne8 17. Ne4 Bf5 18. Ng3 Bd7 19. f4 Ng6 20. Kh2 Nh4 21. Be4 g6
22. Rf1 f5 23. gxf6 Nxf6 24. Bd3 Re8 25. Qc2 Qe7 26. Bd2 Qg7 27. Bc3 Re3 28.
Be2 Rae8 29. Bd1 Rxg3 30. Kxg3 Re3+ 31. Bf3 Bf5 32. Qd1 g5 33. Kh2 Rxc3 34.
bxc3 Ne4 35. Rg1 Qxc3 36. Rg3 Qb2+ 37. Be2 Nxg3 38. Kxg3 Qc3+ 39. Kf2 Qxh3 40.
Qg1 h6 41. fxg5 Qc3 42. gxh6+ Ng6 43. Rd1 Qf6 44. Bf3 Qb2+ 45. Be2 Qf6 46. Bf3
Qb2+ 1/2-1/2

[Event "Woerishofen sen 2016"]
[Site "Bad Woerishofen"]
[Date "2016.02.28"]
[Round "3.54"]
[White "Traversi, Carlo"]
[Black "Dombrowe, Eckehard"]
[Result "0-1"]
[WhiteElo "1572"]
[BlackElo "1793"]
[PlyCount "124"]
[EventDate "2016.02.26"]
[EventType "swiss"]
[EventCountry "GER"]
[WhiteTeam "ITA"]
[BlackTeam "Nettetal SG"]
[WhiteTeamCountry "ITA"]
[BlackTeamCountry "GER"]

1. Nf3 d5 2. b3 Nf6 3. Bb2 e6 4. e3 c5 5. Bb5+ Bd7 6. Bxd7+ Nbxd7 7. O-O Be7 8.
d4 cxd4 9. Nxd4 O-O 10. Nd2 Rc8 11. Rc1 a6 12. c4 Nc5 13. Qe2 Qd7 14. cxd5 Qxd5
15. Rfd1 Qg5 16. N2f3 Qh5 17. h3 Nce4 18. Nh2 Qg6 19. Ndf3 Nd5 20. Ne5 Qf5 21.
Qf3 Qxf3 22. Nhxf3 Bf6 23. Rd4 Nec3 24. Bxc3 Nxc3 25. Rc2 Nd5 26. Rdc4 Rxc4 27.
Rxc4 h6 28. Nd7 Rd8 29. Nxf6+ Nxf6 30. Kf1 Nd5 31. Ke2 Kf8 32. e4 Nf4+ 33. Kf1
Rd1+ 34. Ne1 Nxg2 35. Kxg2 Rxe1 36. Rc8+ Ke7 37. Rc7+ Kf6 38. Rxb7 Re2 39. a4
Rxe4 40. a5 Rd4 41. Rb6 Rd3 42. b4 Rb3 43. f3 h5 44. h4 g5 45. hxg5+ Kxg5 46.
Rxa6 Rxb4 47. Rb6 Ra4 48. a6 e5 49. Rc6 f6 50. Rb6 h4 51. Rc6 f5 52. Re6 Kf4
53. Kh3 Ra5 54. Kxh4 Kxf3 55. a7 e4 56. Re5 Rxa7 57. Rxf5+ Ke2 58. Kg3 e3 59.
Re5 Rg7+ 60. Kh2 Kf2 61. Rf5+ Ke1 62. Rf3 e2 0-1